000 01640nmc a2200577 a 4500
003 AR-BaBNM
005 20251128211646.0
008 195020s2001 ||||||||||||||000 | spa||
020 _a84-7827-262-3
040 _cAR-BaBNM
245 1 0 _aEl aula como espacio de investigación y reflexión
_binvestigaciones en didáctica de la lengua
250 _a1ª ed.
260 _aBarcelona
_bGraó
_c2001
300 0 _a223 p.
490 0 _aColección Graó. Biblioteca de Textos
_v162
504 _aIncluye bibliografía al final de cada capítulo
650 4 _aDIDACTICA
651 4 _aEspaña
653 _aENSENANZA DE LA LENGUA
653 _aINVESTIGACION EDUCATIVA
653 _aEDUCACION INICIAL
653 _aEDUCACION PRIMARIA
653 _aEDUCACION SECUNDARIA
653 _aEDUCACION SUPERIOR
700 1 _aCamps, Anna
_ecoordinador
700 1 _aBallesteros, Cristina
700 1 _aBarrio, J.Lino
700 1 _aBigas, Montserrat
700 1 _aCambra, Margarita
700 1 _aCarceller, Pilar
700 1 _aCastelló, Montserrat
700 1 _aCivera, Isabel
700 1 _aCorreig, Montserrat
700 1 _aEscobar, Cristina
700 1 _aFerrer, Montserrat
700 1 _aFons, Montserrat
700 1 _aGuasch, Oriol
700 1 _aLlobera, Miguel
700 1 _aMilian, Marta
700 1 _aNotario, Gemma
700 1 _aPalou, Juli
700 1 _aPerera, Joan
700 1 _aPérez, Francisca
700 1 _aRibas, Teresa
700 1 _aRiera, Montserrat
700 1 _aRíos, Isabel
700 1 _aSoliva, María
700 1 _aVilà, Montserrat
942 _cBK
998 _ccalidad
999 _c20608
_d20608